00230nam a2200097 a 4500008004100000050001500041100001700056245004100073260000900114350000900123120416s1959 xx |||||||||||||| || u aTS 230 Kon aKondic, Voya10aMetallurgical principles of founding c1959 a0.00